[Event "AUTO-INT-3624"]
[Site "http://www.queenalice.com/game.php?id=1639495"]
[Date "2021.1.10"]
[Round "1"]
[White "Alvim"]
[Black "Zanocovsky"]
[Result "1-0"]
[WhiteElo "1593"]
[BlackElo "1730"]

1. e4 c5 2. d3 e6 3. Nc3 d6 4. Nf3 a6 5. d4 cxd4 6. Nxd4 Nf6 7. Bc4 Be7 8. Nf3
Nc6 9. h3 O-O 10. O-O h6 11. Re1 Qc7 12. Bf4 b5 13. Bd3 Bb7 14. a3 e5 15. Bh2
Rac8 16. Nd5 Nxd5 17. exd5 Nd4 18. Nxd4 exd4 19. Qh5 Bf6 20. Qf5 1-0

[Event "AUTO-INT-3624"]
[Site "http://www.queenalice.com/game.php?id=1639502"]
[Date "2021.1.10"]
[Round "1"]
[White "NeeneNY"]
[Black "Alvim"]
[Result "0-1"]
[WhiteElo "1397"]
[BlackElo "1561"]

1. e4 e5 2. Nf3 Nc6 3. Bc4 Bc5 4. O-O d6 5. d3 Nf6 6. Nc3 O-O 7. Be3 Nd4 8. Ng5
Be6 9. Nxe6 Nxe6 10. Bxe6 Bxe3 11. Bd5 Bc5 12. Bxb7 Rb8 13. Ba6 Rxb2 14. Qc1 Rb6
15. Bc4 Bd4 16. Qa3 c6 17. Rab1 Bc5 18. Qxa7 Rxb1 19. Qa6 Rxf1+ 20. Kxf1 Qb6 21.
Qa4 Bxf2 22. d4 Qxd4 23. Qxc6 Qd2 24. Ne2 Qe1# 0-1

[Event "AUTO-INT-3624"]
[Site "http://www.queenalice.com/game.php?id=1639503"]
[Date "2021.1.10"]
[Round "1"]
[White "Alvim"]
[Black "NeeneNY"]
[Result "1-0"]
[WhiteElo "1533"]
[BlackElo "1408"]

1. e4 e5 2. Bc4 Nf6 3. d3 Bc5 4. Nc3 O-O 5. Nf3 Ng4 6. O-O h6 7. d4 exd4 8. Na4
Bd6 9. h3 Ne5 10. Nxe5 Bxe5 11. f4 Bf6 12. e5 d5 13. Bd3 Bh4 14. f5 Nc6 15. f6
Re8 16. Qh5 Rxe5 17. Qxh4 a6 18. Bxh6 Kf8 19. Bxg7+ Ke8 20. Nc5 b6 21. Qh8# 1-0

[Event "Challenge"]
[Site "http://www.queenalice.com/game.php?id=1643191"]
[Date "2021.2.10"]
[Round "-"]
[White "Mr_SPOCK"]
[Black "Alvim"]
[Result "0-1"]
[WhiteElo "1619"]
[BlackElo "1566"]

1. e4 e5 2. Nf3 Nc6 3. Bc4 Bc5 4. Nc3 d6 5. d4 exd4 6. Nd5 Nf6 7. Bg5 Bg4 8.
Nxf6+ gxf6 9. Bh6 Qe7 10. O-O O-O-O 11. Qd3 Ne5 12. Nxe5 fxe5 13. Qb3 Be6 14.
Bd5 Bxd5 15. exd5 f5 16. Qh3 Qf7 17. c4 Kb8 18. a3 f4 19. b4 Bb6 20. a4 d3 21.
Qxd3 Bd4 22. Rab1 Rhg8 23. a5 Rg6 24. c5 Qxd5 25. g3 Bxf2+ 26. Rxf2 Qxd3 27. Rg2
Qxb1+ 28. Kf2 Qc2+ 29. Kf3 Qd3+ 30. Kf2 f3 31. a6 Qe2+ 32. Kg1 Qe1# 0-1

[Event "AUTO-INT-3639"]
[Site "http://www.queenalice.com/game.php?id=1643315"]
[Date "2021.2.12"]
[Round "1"]
[White "jsiebel"]
[Black "Alvim"]
[Result "0-1"]
[WhiteElo "1407"]
[BlackElo "1584"]

1. e4 e5 2. Nf3 Nc6 3. d4 exd4 4. Qxd4 Nxd4 5. Nxd4 d5 6. e5 Bc5 7. Be3 Bxd4 8.
Bxd4 c6 9. Nc3 f6 10. O-O-O Be6 11. Be2 f5 12. f4 h5 13. h3 a6 14. g4 Qa5 15.
gxf5 Bxf5 16. a3 c5 17. Nxd5 cxd4 18. Rxd4 Rc8 19. c4 Qa4 20. Nc3 Qc2# 0-1

[Event "AUTO-INT-3639"]
[Site "http://www.queenalice.com/game.php?id=1643316"]
[Date "2021.2.12"]
[Round "1"]
[White "Alvim"]
[Black "jsiebel"]
[Result "1-0"]
[WhiteElo "1555"]
[BlackElo "1418"]

1. e4 e5 2. Nf3 Nc6 3. Bc4 Nf6 4. d3 d5 5. exd5 Nxd5 6. O-O Bc5 7. c3 O-O 8. b4
Bb6 9. a4 a5 10. b5 Qd6 11. bxc6 bxc6 12. Ba3 Bc5 13. Bxc5 Qxc5 14. Re1 Re8 15.
Nxe5 Ba6 16. d4 Qd6 17. Bxa6 Rxa6 18. Qh5 Nf4 19. Qxf7+ Kh8 20. Qxe8+ Qf8 21.
Qxf8# 1-0

[Event "AUTO-INT-3639"]
[Site "http://www.queenalice.com/game.php?id=1643327"]
[Date "2021.2.12"]
[Round "1"]
[White "ungern"]
[Black "Alvim"]
[Result "0-1"]
[WhiteElo "1447"]
[BlackElo "1651"]

1. e4 e5 2. Nf3 Nc6 3. Nc3 Bc5 4. d3 Nf6 5. Be3 Bxe3 6. fxe3 d6 7. d4 Bg4 8. Be2
exd4 9. exd4 Bc8 10. Qd3 Ne7 11. O-O-O O-O 12. e5 Ng4 13. Rhf1 Nf5 14. Rd2 Nge3
15. Rg1 Re8 16. g4 dxe5 17. dxe5 Qxd3 18. Bxd3 Ne7 19. Re1 Nxg4 20. h3 Nh6 21.
Ng5 Nhf5 22. Rf1 h6 23. Nge4 Nd4 24. Nb5 Nxb5 25. Bxb5 c6 26. Bc4 Be6 27. Bxe6
fxe6 28. b3 Nd5 29. Nd6 Re7 30. c4 Ne3 31. Rff2 Rf8 32. Rxf8+ Kxf8 33. Nc8 Re8
34. Nd6 Rd8 35. Nxb7 Rxd2 36. Kxd2 Ng2 37. Nd8 Nf4 38. h4 c5 39. Ke3 Ng2+ 40.
Kf2 Ke7 41. Nc6+ Kd7 42. Nxa7 Nxh4 43. Kg3 Nf5+ 44. Kg4 g6 45. a4 Ne7 46. a5 Nc6
47. Nxc6 Kxc6 48. Kf4 Kb7 49. Ke4 h5 50. Kf4 h4 51. Kg4 g5 52. Kh3 Ka6 0-1

[Event "AUTO-INT-3639"]
[Site "http://www.queenalice.com/game.php?id=1643328"]
[Date "2021.2.12"]
[Round "1"]
[White "Alvim"]
[Black "ungern"]
[Result "1-0"]
[WhiteElo "1618"]
[BlackElo "1500"]

1. e4 e5 2. Nf3 Nc6 3. Bc4 Nf6 4. Nc3 d6 5. h3 Be7 6. O-O Bd7 7. d4 exd4 8. Nxd4
Nxd4 9. Qxd4 O-O 10. b3 c5 11. Qd2 a6 12. Bb2 b5 13. Bd5 Nxd5 14. exd5 b4 15.
Ne4 Re8 16. Rfe1 a5 17. a4 bxa3 18. Rxa3 Bf5 19. Ng3 Bf6 20. Rxe8+ Qxe8 21. Bxf6
Bg6 22. Bb2 f6 23. c4 Qd8 24. h4 h5 25. Bc3 Qe8 26. Rxa5 Rxa5 27. Bxa5 Qe7 28.
Ne2 Kh7 29. Nf4 Qe4 30. Kh2 Qb1 31. b4 Qb3 32. Nxg6 Kxg6 33. Bc7 cxb4 34. Bxd6
Qxc4 35. Bxb4 Qxh4+ 36. Kg1 f5 37. d6 Qd8 38. d7 Kf7 39. Ba5 1-0

[Event "AUTO-INT-3639"]
[Site "http://www.queenalice.com/game.php?id=1643335"]
[Date "2021.2.12"]
[Round "1"]
[White "Alvim"]
[Black "Ditto"]
[Result "1-0"]
[WhiteElo "1614"]
[BlackElo "1307"]

1. e4 e5 2. Nf3 Nc6 3. Bc4 Nf6 4. d4 exd4 5. Bg5 Bc5 6. e5 h6 7. Bh4 g5 8. Bg3
Nh5 9. O-O Qe7 10. e6 dxe6 11. Be5 Nxe5 12. Nxe5 Nf4 13. Nd2 b6 14. Re1 Bb7 15.
Ne4 Bxe4 16. Rxe4 Qf6 17. Bb5+ Ke7 18. b4 Bxb4 19. Nc6+ Kf8 20. Nxb4 e5 21. Nd3
Qf5 22. Rxe5 Qf6 23. Qe1 Kg7 24. Nxf4 Qxf4 25. Rd1 Rac8 26. Re4 Qf5 27. Rdxd4
Qxb5 28. Qc3 Qb1+ 29. Rd1+ f6 30. Rxb1 Rhf8 31. Re7+ Kg8 32. Qc4+ Kh8 33. Qd3 f5
34. Qd4+ Kg8 35. Qg7# 1-0

[Event "AUTO-INT-3639"]
[Site "http://www.queenalice.com/game.php?id=1643336"]
[Date "2021.2.12"]
[Round "1"]
[White "Ditto"]
[Black "Alvim"]
[Result "0-1"]
[WhiteElo "1397"]
[BlackElo "1645"]

1. e4 e5 2. Nf3 Nc6 3. Bc4 Bc5 4. d3 Nf6 5. Bg5 a6 6. c3 d6 7. O-O O-O 8. Nbd2
a5 9. Bb5 d5 10. exd5 Na7 11. Ba4 b5 12. Bb3 Qd6 13. c4 b4 14. Re1 Ng4 15. Rf1
c6 16. Ne4 Nxf2 17. Rxf2 Bxf2+ 18. Nxf2 cxd5 19. cxd5 f6 20. Be3 f5 21. Rc1 Rd8
22. Bg5 Rd7 23. Nh4 Rf7 24. Be3 Bd7 25. Bc4 Nb5 26. Qe2 Nc7 27. Bb3 Kh8 28. Bc5
Qf6 29. d6 Ne6 30. Qf3 Rff8 31. Bc2 Nxc5 32. Qg3 f4 33. Qf3 Qxh4 34. Re1 Rae8
35. Qd5 e4 36. Qxc5 e3 37. g3 fxg3 38. hxg3 Qxg3+ 39. Kh1 Rxf2 0-1

[Event "Challenge"]
[Site "http://www.queenalice.com/game.php?id=1645298"]
[Date "2021.3.1"]
[Round "-"]
[White "edemarc"]
[Black "Alvim"]
[Result "0-1"]
[WhiteElo "1633"]
[BlackElo "1629"]

1. e4 e5 2. d3 Nf6 3. Nf3 Nc6 4. c3 Bc5 5. d4 exd4 6. cxd4 Bb4+ 7. Bd2 Nxe4 8.
Bxb4 Nxb4 9. a3 Nd5 10. Bc4 c6 11. Nbd2 O-O 12. Nxe4 Re8 13. Bxd5 cxd5 14. O-O
dxe4 15. Ne5 d6 16. Nc4 d5 17. Ne3 Qg5 18. g3 Bh3 19. Re1 f5 20. f4 Qd8 21. Rc1
g5 22. Re2 Bg4 23. Nxg4 fxg4 24. Rc5 gxf4 25. gxf4 Qd6 26. f5 b6 27. Rb5 a6 28.
Rb3 b5 29. Rc2 h5 30. Rf2 e3 31. Re2 Qf4 32. Rbxe3 Rxe3 33. Rf2 Rf3 34. Qe2 Qe3
35. Qxe3 Rxe3 36. Rf4 Rc8 37. Rf2 Rc1+ 38. Kg2 h4 39. h3 Rg3+ 40. Kh2 Rxh3+ 41.
Kg2 Rg3+ 42. Kh2 Rf3 43. Rxf3 gxf3 44. Kh3 Rh1+ 45. Kg4 f2 46. f6 Rg1+ 47. Kxh4
f1=Q 0-1

[Event "AUTO-INT-3624"]
[Site "http://www.queenalice.com/game.php?id=1765530"]
[Date "2021.7.27"]
[Round "2"]
[White "zmanomega"]
[Black "Alvim"]
[Result "1-0"]
[WhiteElo "1502"]
[BlackElo "1659"]

1. e4 e5 2. d4 exd4 3. c3 dxc3 4. Bc4 Nc6 5. Ne2 cxb2 6. Bxb2 Bb4+ 7. Nbc3 Nf6
8. O-O Ne5 9. Bb3 d6 10. Nd5 Bc5 11. Ng3 1-0

[Event "AUTO-INT-3624"]
[Site "http://www.queenalice.com/game.php?id=1765531"]
[Date "2021.7.27"]
[Round "2"]
[White "Alvim"]
[Black "zmanomega"]
[Result "0-1"]
[WhiteElo "1637"]
[BlackElo "1524"]

1. e4 e5 2. Nf3 f6 3. d4 Bd6 4. Bc4 exd4 5. Nxd4 g6 6. Be3 Ne7 7. Nc3 Be5 8. f4
Bxd4 9. Bxd4 Nec6 10. Rf1 Nb4 0-1

[Event "AUTO-INT-3624"]
[Site "http://www.queenalice.com/game.php?id=1765538"]
[Date "2021.7.27"]
[Round "2"]
[White "Alvim"]
[Black "deathbydixxon"]
[Result "0-1"]
[WhiteElo "1574"]
[BlackElo "1740"]

1. e4 e5 2. Nf3 Nc6 3. Bc4 h6 4. d4 exd4 5. Nxd4 Ne5 6. Bb3 Nf6 7. Nc3 Bb4 8.
Bd2 O-O 9. O-O c5 10. Nf3 Neg4 0-1

[Event "AUTO-INT-3624"]
[Site "http://www.queenalice.com/game.php?id=1765539"]
[Date "2021.7.27"]
[Round "2"]
[White "deathbydixxon"]
[Black "Alvim"]
[Result "1-0"]
[WhiteElo "1749"]
[BlackElo "1565"]

1. e4 e5 2. Nf3 Nc6 3. Bb5 a6 4. Bxc6 dxc6 5. Nxe5 Nf6 6. Nc3 Bd6 7. Nc4 Bc5 8.
O-O O-O 9. h3 b5 10. Ne5 Bb7 11. a3 1-0

[Event "Let's Play Chess!"]
[Site "http://www.queenalice.com/game.php?id=1856065"]
[Date "2025.4.26"]
[Round "-"]
[White "Alvim"]
[Black "alterego"]
[Result "1-0"]
[WhiteElo "1543"]
[BlackElo "1534"]

1. e4 g6 2. Nf3 Bg7 3. g3 a6 4. c3 b5 5. d3 Nf6 6. Nbd2 Nc6 7. Bg2 O-O 8. O-O
Bb7 9. Qc2 e6 10. e5 Ng4 11. d4 Na5 12. Re1 Nc4 13. Nxc4 bxc4 14. Qd1 c6 15. h3
Nh6 16. Nh2 d5 17. Bxh6 Bxh6 18. Ng4 Bg7 19. Rf1 Qg5 20. f4 Qh5 21. Nf6+ Bxf6
22. Qxh5 gxh5 23. exf6 Kh8 24. Rae1 Rg8 25. Kh2 Rg6 26. Re5 Rag8 27. Rf3 h4 28.
Rg5 hxg3+ 29. Rfxg3 Bc8 30. h4 h6 31. Rxg6 fxg6 32. f7 Rf8 33. Rxg6 Kh7 34. Rg8
Rxg8 35. fxg8=Q+ Kxg8 36. Kg3 e5 37. dxe5 Bf5 38. Bh3 Bg6 39. f5 Bh5 40. Bg4 Be8
41. f6 h5 42. Bf5 Kf7 43. Kf4 c5 44. Kg5 Kf8 45. Bg6 Bc6 46. e6 Be8 47. e7+ 1-0

[Event "Let's Play Chess!"]
[Site "http://www.queenalice.com/game.php?id=1856066"]
[Date "2025.4.26"]
[Round "-"]
[White "alterego"]
[Black "Alvim"]
[Result "0-1"]
[WhiteElo "1544"]
[BlackElo "1526"]

1. d4 Nf6 2. c4 g6 3. g3 Bg7 4. Bg2 O-O 5. Nf3 d6 6. d5 c6 7. O-O e6 8. dxc6
bxc6 9. b4 Bb7 10. c5 d5 11. a3 a5 12. Nc3 Ne4 13. Nxe4 dxe4 14. Qxd8 Rxd8 15.
Bg5 Rd5 16. Nh4 Bxa1 17. Rxa1 Rxg5 18. Bxe4 axb4 19. Nf3 Rg4 20. Bc2 Rxa3 21.
Rb1 Na6 22. Ne5 Rd4 23. Nf3 Rc4 24. Bd3 Rxc5 25. Nd4 Rd5 26. Nf3 c5 27. Be4 Rd7
28. Ne5 Bxe4 29. Rc1 Rd8 30. f3 Bb7 31. Rc4 b3 32. Nd3 Rxd3 33. exd3 b2 0-1

[Event "Escacs 172"]
[Site "http://www.queenalice.com/game.php?id=1857975"]
[Date "2025.5.28"]
[Round "-"]
[White "alterego"]
[Black "Alvim"]
[Result "1-0"]
[WhiteElo "1561"]
[BlackElo "1559"]

1. d4 Nf6 2. c4 d5 3. c5 c6 4. g3 g6 5. Bg2 Bg7 6. b4 O-O 7. Nc3 Bf5 8. Nf3 Nbd7
9. O-O Re8 10. Ng5 e5 11. dxe5 Nxe5 12. Bf4 Nc4 13. a3 Ng4 14. e4 dxe4 15. Qxd8
Raxd8 16. f3 Bd4+ 17. Kh1 Nf2+ 18. Kg1 Nh3+ 19. Kh1 Nxf4 20. Rac1 1-0

[Event "Escacs 173"]
[Site "http://www.queenalice.com/game.php?id=1857976"]
[Date "2025.5.28"]
[Round "-"]
[White "Alvim"]
[Black "alterego"]
[Result "0-1"]
[WhiteElo "1543"]
[BlackElo "1577"]

1. e4 g6 2. Nf3 Bg7 3. c3 a6 4. d4 b5 5. g3 e6 6. Bg2 Ne7 7. O-O Bb7 8. Nbd2 O-O
9. Qc2 d6 10. h4 c5 11. Re1 cxd4 12. cxd4 Nd7 13. Qd3 d5 14. e5 f6 15. b3 fxe5
16. Nxe5 Nxe5 17. dxe5 Qb6 18. Nf3 Rf5 19. Be3 Qc7 20. Bd4 Nc6 0-1